Regional Economic Outlook, Fall 2006, Sub-Saharan Africa, Supplement.

Provides a broad synopsis of recent economic developments in the Middle East and Central Asia region, highlighting common trends and policies among countries in the region, and reviewing prospects and policies for the coming year. Includes a statistical appendix.

Dades bibliogràfiques
Autor corporatiu: International Monetary Fund. African Dept
Format: Revista
Idioma:English
Publicat: Washington, D.C. : International Monetary Fund, 2006.
Col·lecció:Regional Economic Outlook
Accés en línia:Full text available on IMF
LEADER 01320cas a2200241 a 4500
001 AALejournalIMF015129
008 230101c9999 xx r poo 0 0eng d
020 |c 20.00 USD 
020 |z 9781589065925 
022 |a 2071-3207 
040 |a BD-DhAAL  |c BD-DhAAL 
110 2 |a International Monetary Fund.  |b African Dept. 
245 1 0 |a Regional Economic Outlook, Fall 2006, Sub-Saharan Africa, Supplement. 
264 1 |a Washington, D.C. :  |b International Monetary Fund,  |c 2006. 
300 |a 1 online resource (74 pages) 
490 1 |a Regional Economic Outlook 
500 |a <strong>Off-Campus Access:</strong> No User ID or Password Required 
500 |a <strong>On-Campus Access:</strong> No User ID or Password Required 
506 |a Electronic access restricted to authorized BRAC University faculty, staff and students 
520 3 |a Provides a broad synopsis of recent economic developments in the Middle East and Central Asia region, highlighting common trends and policies among countries in the region, and reviewing prospects and policies for the coming year. Includes a statistical appendix. 
538 |a Mode of access: Internet 
830 0 |a Regional Economic Outlook 
856 4 0 |z Full text available on IMF  |u http://elibrary.imf.org/view/books/086/05632-9781589065925-en/05632-9781589065925-en-book.xml  |z IMF e-Library